000 00985nam a22002897a 4500
001 4718
003 FISKH
005 20240925111112.0
008 240925b cb ||||| |||| 00| 0 eng d
020 _a071009003996
040 _aFISKH
_beng
_cFISKH
_dFISKH
050 _aPZ7.T16135
082 _2813.52
100 _aMontgomery, L.M.
_d(1874–1942)
245 _aAnne of green gables /
_cby L.M. Montgomery Adapted by shelley Tanaka
250 _aPrinting in 1999
260 _aNew York :
_bA Yealing Book,
_c1999.
300 _a104 pages :
_c20cm
505 _aP
520 _aAnne, an eleven-year-old orphan, is sent by mistake to live with a lonely, middle-aged brother and sister on a Prince Edward Island farm and proceeds to make an indelible impression on everyone around her.
521 8 _a640L
_bLexile
521 8 _aP
_bRaz-Plus
650 _2Fiction
_aHistorical fiction
650 _2Children's classic
_aOrphans
942 _2ddc
_cBK
_n0
999 _c4718
_d4718